Vida de la beata Margarita María de Alacoque

Αποθηκεύτηκε σε:
Λεπτομέρειες βιβλιογραφικής εγγραφής
Μορφή: Βιβλίο
Γλώσσα:Ισπανικά
Έκδοση: Madrid Administración del Apostolado de la Prensa 1912
Σειρά:Biblioteca del Apostolado de la Prensa
Θέματα:
Ετικέτες: Προσθήκη ετικέτας
Δεν υπάρχουν, Καταχωρήστε ετικέτα πρώτοι!

MARC

LEADER 00000nam a2200000 a 4500
001 UCI4858
003 CL-VaPUC
008 080307e19120000SP |||||||||||||||||spa|d
082 0 4 |a 922.2  |b VID  |2 21 
245 1 0 |a Vida de la beata Margarita María de Alacoque 
300 |a 256 p 
942 |c BK 
945 |d 20080307 00:00:00  |a rbrito 
260 |a Madrid  |b Administración del Apostolado de la Prensa  |c 1912 
500 |a Donación padres capuchinos 
600 0 7 |a ALACOQUE, MARGARITA MARIA DE  |2 CL-VaPUC  |9 526915 
650 0 |a Biografías  |9 255210 
650 0 |a Vida religiosa  |9 257284 
583 |a last modification  |c 20080307 00:00:00  |k Rodrigo Vera 
490 0 |a Biblioteca del Apostolado de la Prensa 
999 |c 328705  |d 328703 
952 |0 0  |1 0  |4 0  |6 922_200000000000000_VID_1912  |7 0  |8 X  |9 412776  |a FDOBUD  |b FDOBUD  |d 2019-11-22  |i 4409418  |o 922.2 VID 1912  |p 4409418  |r 2019-11-22  |w 2019-11-22  |y BK_X  |k BUD